Ελληνικό Microsoft Word for Windows 95 βήμα προς βήμα

Αποθηκεύτηκε σε:
Λεπτομέρειες βιβλιογραφικής εγγραφής
Άλλοι συγγραφείς: Σκουλαρίκης, Φώτης (Μεταφραστής)
Μορφή: Βιβλίο
Γλώσσα:Greek
English
Δημοσίευση: Αθήνα : Κάτοπτρο, 1995.
Θέματα:
Ετικέτες: Προσθήκη ετικέτας
Δεν υπάρχουν, Καταχωρήστε ετικέτα πρώτοι!

MARC

LEADER 00000cam a2200000 i 4500
001 1/87559
008 980327s1995 gr | ||| |||| ||gre||
020 |a 9603320587 
035 |a 1998  |b 1  |c ΚΠΣ/Δημοτικής Εκπαίδευσης  |l 10035275 
040 |a GR-MyUa  |b gre  |e AACR2 
041 1 |a gre  |h eng 
082 7 |a 005.369   |2 (22) 
245 0 0 |a Ελληνικό Microsoft Word for Windows 95 βήμα προς βήμα /   |c μετάφραση Φώτης Σκουλαρίκης.  
260 |a Αθήνα :   |b Κάτοπτρο,   |c 1995.  
300 |a 454 σ. ;   |c 24 εκ. +   |e 1 δισκέτα 
500 |a Μετάφραση του: Microsoft Word for Windows 95 : step by step.  
630 0 0 |a Microsoft Word. 
700 1 |a Σκουλαρίκης, Φώτης,  |e trl 
852 |a INST  |b RHODES  |e 19980327  |h 005.369 ΕΛΛ  |p 005400010890  |q 005400010890  |t BK  |y 0 
852 |a INST  |b RHODES  |e 19980327  |h 005.369 ΕΛΛ   |p 005400005948  |q 005400005948  |t BK  |y 0 
901 |a BIBL-1998-1